| 000 | 00437nam a2200157Ia 4500 | ||
|---|---|---|---|
| 008 | 230312s9999||||xx |||||||||||||| ||und|| | ||
| 020 | _a969 0 01541 9 | ||
| 082 |
_a370.11395491 _bCHA-H |
||
| 100 | _aChaudhary M Aslam | ||
| 245 | 0 | _aHuman Resource Development And Management in Pakistan | |
| 260 |
_bdesigne _c1999 |
||
| 300 | _a316 | ||
| 546 | _aEng. | ||
| 650 |
_aManagement _vComparative conditions of Human Resources, |
||
| 942 | _cBK | ||
| 999 |
_c1921 _d1921 |
||